Paesi più vicini agli Emirati Arabi Uniti - Statistics

Statistiche generali
  • Questo quiz è stato fatto 71 volte
  • Il punteggio medio è 16 su 20
Statistiche sulle risposte
km nazione % Corretto
0 Arabia Saudita
98%
683 Iraq
98%
0 Oman
98%
443 Yemen
98%
66 Iran
97%
529 Pakistan
92%
1488 Giordania
90%
32 Qatar
89%
1515 Siria
89%
627 Afghanistan
84%
158 Bahrain
84%
1206 India
84%
560 Kuwait
82%
1165 Turkmenistan
69%
1234 Somalia
67%
1540 Azerbaijan
62%
1108 Eritrea
62%
1562 Turchia
62%
1515 Gibuti
59%
1516 Sudan
43%
Nessun quiz corrispondente trovato
Distribuzione punteggi
Percentuale di utenti per punteggio
Percentile per numero di risposta
I tuoi punteggi nel tempo
Non hai fatto questo quiz